000 00552nam a2200217Ia 4500
008 160819s9999 xx 000 0 und d
020 _a978-1-250-04954-4
050 _aFIC R79l
050 _b2014
100 _aRowell, Rainbow.
245 _aLandline /
245 _cRainbow Rowell.
260 _aNew York :
260 _bSt. Martin's Press,
260 _c2014
300 _a310 pages :
300 _c21 cm.
650 _aFamily life -- Fiction.
650 _aMarried people -- Fiction.
650 _xMan-woman realtionships -- Fiction.
999 _c300636
_d300636